| 000 | 00492cam a2200193ua 4500 | ||
|---|---|---|---|
| 020 | _c16.00 | ||
| 041 |
_aeng _h |
||
| 082 |
_a621.301 _bBUC/EL |
||
| 100 | _aBuchingham, H. | ||
| 245 |
_aElectro-technology: For national certificate courses / _cH.Buchingham. _hTextual Documents |
||
| 250 |
_a1 / _b. |
||
| 260 |
_a : _bEnglish Universities Press , _c1959. |
||
| 300 | _a361 ; . | ||
| 365 | _a16.00 | ||
| 504 | _a | ||
| 700 | 1 | _aPrice, E.M. | |
| 942 | _cBK | ||
| 999 |
_c2081 _d2081 |
||